[Event "European Youth Chess Championship G14"]
[Site "Prague, Top Hotel Prague"]
[Date "2012.08.20"]
[Round "4.1"]
[White "Harazinska, Ewa"]
[Black "Rodionova, Daria"]
[Result "1-0"]
[WhiteElo "1975"]
[BlackElo "2074"]
[PlyCount "0"]
[EventDate "2012.08.17"]

1. d4 {[%clk 1:30:56]} d5 {[%clk 1:30:59]} 2. c4 {[%clk 1:31:19]} c6
{[%clk 1:31:27]} 3. Nf3 {[%clk 1:31:42]} Nf6 {[%clk 1:31:54]} 4. Nc3
{[%clk 1:32:06]} a6 {[%clk 1:32:23]} 5. a4 {[%clk 1:32:31]} e6 {[%clk 1:32:25]}
6. g3 {[%clk 1:32:45]} a5 {[%clk 1:30:53]} 7. Bg2 {[%clk 1:32:38]} Bb4
{[%clk 1:29:19]} 8. O-O {[%clk 1:30:52]} O-O {[%clk 1:29:11]} 9. Bf4
{[%clk 1:27:24]} b6 {[%clk 1:27:47]} 10. cxd5 {[%clk 1:26:53]} exd5
{[%clk 1:26:37]} 11. Rc1 {[%clk 1:26:11]} Ba6 {[%clk 1:20:37]} 12. Bxb8
{[%clk 1:14:18]} Rxb8 {[%clk 1:19:42]} 13. Ne5 {[%clk 1:14:28]} Qd6
{[%clk 1:18:45]} 14. Na2 {[%clk 1:12:47]} c5 {[%clk 1:16:21]} 15. Nxb4
{[%clk 1:12:11]} axb4 {[%clk 1:15:48]} 16. Re1 {[%clk 1:08:32]} Rfe8
{[%clk 1:10:15]} 17. f4 {[%clk 0:57:25]} Rbc8 {[%clk 1:07:12]} 18. dxc5
{[%clk 0:56:56]} bxc5 {[%clk 1:05:22]} 19. e4 {[%clk 0:56:57]} c4
{[%clk 0:54:28]} 20. Qd4 {[%clk 0:53:31]} c3 {[%clk 0:51:12]} 21. bxc3 bxc3
{[%clk 0:51:03]} 22. exd5 {[%clk 0:45:01]} c2 {[%clk 0:49:14]} 23. Qf2
{[%clk 0:44:05]} Qb4 {[%clk 0:47:26]} 24. Qa7 {[%clk 0:39:27]} Bb7
{[%clk 0:33:58]} 25. d6 {[%clk 0:37:04]} Bxg2 {[%clk 0:26:07]} 26. Qxf7+
{[%clk 0:37:12]} Kh8 {[%clk 0:26:29]} 27. Kxg2 {[%clk 0:37:34]} Rf8
{[%clk 0:12:11]} 28. Qe6 {[%clk 0:37:07]} Qb7+ {[%clk 0:09:54]} 29. Kh3
{[%clk 0:36:19]} Rce8 {[%clk 0:06:45]} 30. Qa2 {[%clk 0:32:51]} Qc8+
{[%clk 0:06:25]} 31. d7 {[%clk 0:32:00]} Nxd7 {[%clk 0:06:31]} 32. Rxc2
{[%clk 0:31:25]} Nc5+ {[%clk 0:06:09]} 33. g4 {[%clk 0:28:46]} Re6
{[%clk 0:02:23]} 34. Qd5 {[%clk 0:25:10]} Qe8 {[%clk 0:00:38]} 35. Rxc5
{[%clk 0:25:03]} Re7 {[%clk 0:00:38]} 36. Rec1 {[%clk 0:22:28]} Qxa4
{[%clk 0:00:42]} 37. Qc4 {[%clk 0:21:45]} Qa3+ {[%clk 0:00:39]} 38. Rc3
{[%clk 0:21:54]} Qa8 {[%clk 0:00:36]} 39. Rc8 {[%clk 0:22:02]} Rxc8
{[%clk 0:00:47]} 40. Qxc8+ {[%clk 0:52:16]} Re8 {[%clk 0:31:10]} 41. Qxa8
{[%clk 0:52:15]} Rxa8 {[%clk 0:31:35]} 42. Nf7+ {[%clk 0:52:36]} Kg8
{[%clk 0:31:59]} 43. Nd6 {[%clk 0:53:02]} 1-0

[Event "European Youth Chess Championship G14"]
[Site "Prague, Top Hotel Prague"]
[Date "2012.08.20"]
[Round "4.2"]
[White "Dordzhieva, Dinara"]
[Black "Mammadova, Narmin"]
[Result "0-1"]
[WhiteElo "2055"]
[BlackElo "1980"]
[PlyCount "0"]
[EventDate "2012.08.17"]

1. e4 {[%clk 1:30:55]} d5 {[%clk 1:30:29]} 2. exd5 {[%clk 1:31:12]} Nf6
{[%clk 1:30:51]} 3. c4 {[%clk 1:29:22]} c6 {[%clk 1:31:05]} 4. d4
{[%clk 1:28:59]} cxd5 {[%clk 1:31:16]} 5. Nc3 {[%clk 1:29:05]} e6
{[%clk 1:30:52]} 6. c5 {[%clk 1:28:36]} Nc6 {[%clk 1:28:46]} 7. a3
{[%clk 1:24:58]} Be7 {[%clk 1:24:31]} 8. Nf3 {[%clk 1:25:18]} Ne4
{[%clk 1:20:48]} 9. Qc2 {[%clk 1:16:13]} f5 {[%clk 1:19:00]} 10. Bb5
{[%clk 1:07:25]} Bf6 {[%clk 1:15:03]} 11. b4 {[%clk 1:04:52]} O-O
{[%clk 1:12:34]} 12. Bxc6 {[%clk 1:02:36]} bxc6 {[%clk 1:13:00]} 13. Bf4
{[%clk 0:58:58]} Ba6 {[%clk 0:59:53]} 14. O-O-O {[%clk 0:55:42]} Bc4
{[%clk 0:56:36]} 15. Ne5 {[%clk 0:37:09]} Bxe5 {[%clk 0:53:07]} 16. Bxe5
{[%clk 0:37:21]} a5 {[%clk 0:52:43]} 17. f3 {[%clk 0:21:14]} axb4
{[%clk 0:49:02]} 18. axb4 {[%clk 0:21:20]} Qg5+ {[%clk 0:43:31]} 19. f4
{[%clk 0:21:37]} Qg4 {[%clk 0:42:26]} 20. Rhe1 {[%clk 0:17:08]} Ra3
{[%clk 0:39:07]} 21. Re3 {[%clk 0:11:32]} Nxc3 {[%clk 0:38:08]} 22. h3
{[%clk 0:04:30]} Ra1+ {[%clk 0:35:39]} 23. Kb2 {[%clk 0:02:43]} Nxd1+
{[%clk 0:35:46]} 0-1

[Event "European Youth Chess Championship G14"]
[Site "Prague, Top Hotel Prague"]
[Date "2012.08.20"]
[Round "4.3"]
[White "Malatsilava, Volha"]
[Black "Kisteneva, Liza"]
[Result "0-1"]
[WhiteElo "1926"]
[BlackElo "2040"]
[PlyCount "0"]
[EventDate "2012.08.17"]

1. e4 {[%clk 1:30:27]} c5 {[%clk 1:30:54]} 2. Nf3 {[%clk 1:31:18]} e6
{[%clk 1:30:15]} 3. d4 {[%clk 1:31:40]} cxd4 {[%clk 1:30:42]} 4. Nxd4
{[%clk 1:32:05]} Nf6 {[%clk 1:31:07]} 5. Nc3 {[%clk 1:32:27]} d6 {[%clk 1:31:27]}
6. Be3 {[%clk 1:32:43]} Be7 {[%clk 1:31:21]} 7. f3 {[%clk 1:33:01]} a6
{[%clk 1:31:37]} 8. Qd2 {[%clk 1:33:22]} b5 {[%clk 1:31:17]} 9. g4
{[%clk 1:33:34]} Bb7 {[%clk 1:30:37]} 10. O-O-O {[%clk 1:33:33]} Nc6
{[%clk 1:25:39]} 11. Nxc6 {[%clk 1:32:39]} Bxc6 {[%clk 1:25:53]} 12. Ne2
{[%clk 1:32:25]} Rc8 {[%clk 1:13:28]} 13. Bg2 {[%clk 1:29:26]} Nd7
{[%clk 1:08:00]} 14. Bd4 {[%clk 1:19:25]} e5 {[%clk 1:02:45]} 15. Be3
{[%clk 1:19:32]} Nb6 {[%clk 1:00:52]} 16. b3 {[%clk 1:19:08]} Nd7
{[%clk 0:50:49]} 17. Ng3 {[%clk 1:15:18]} g6 {[%clk 0:49:52]} 18. g5
{[%clk 1:11:36]} Nc5 {[%clk 0:47:12]} 19. f4 {[%clk 1:09:18]} exf4
{[%clk 0:44:20]} 20. Bxf4 {[%clk 1:07:17]} Ne6 {[%clk 0:44:33]} 21. h4
{[%clk 1:05:00]} Nxf4 {[%clk 0:43:40]} 22. Qxf4 {[%clk 1:05:13]} Bd7
{[%clk 0:34:42]} 23. Kb1 {[%clk 1:02:12]} O-O {[%clk 0:31:08]} 24. Rd2
{[%clk 0:50:49]} Rc5 {[%clk 0:26:52]} 25. Rhd1 {[%clk 0:44:26]} Qc7
{[%clk 0:26:33]} 26. Qf2 {[%clk 0:43:23]} Rc8 {[%clk 0:25:24]} 27. Nf1
{[%clk 0:33:55]} Bf8 {[%clk 0:23:43]} 28. Ne3 {[%clk 0:33:34]} Be6
{[%clk 0:20:54]} 29. Bf3 {[%clk 0:31:22]} Bg7 {[%clk 0:13:39]} 30. Rxd6
{[%clk 0:24:47]} Be5 {[%clk 0:12:56]} 31. R6d3 {[%clk 0:20:03]} Qa5
{[%clk 0:11:42]} 32. Qd2 {[%clk 0:17:38]} Bc3 {[%clk 0:12:01]} 33. Qc1
{[%clk 0:17:26]} b4 {[%clk 0:11:18]} 34. a4 {[%clk 0:14:58]} bxa3
{[%clk 0:10:25]} 35. Ka2 {[%clk 0:15:25]} Qb4 {[%clk 0:05:51]} 36. Rd8+
{[%clk 0:14:11]} Rxd8 {[%clk 0:06:17]} 37. Rxd8+ {[%clk 0:14:37]} Kg7
{[%clk 0:06:45]} 38. Qd1 {[%clk 0:14:16]} a5 {[%clk 0:06:44]} 39. Qd6
{[%clk 0:42:52]} Re5 {[%clk 0:35:34]} 40. Qxb4 {[%clk 0:42:23]} axb4
{[%clk 0:35:33]} 41. Rb8 {[%clk 0:33:31]} Rc5 {[%clk 0:34:18]} 42. Bd1
{[%clk 0:24:39]} Bd4 {[%clk 0:32:19]} 43. Nd5 {[%clk 0:23:24]} Bxd5
{[%clk 0:30:42]} 44. exd5 {[%clk 0:23:49]} Rxd5 {[%clk 0:30:47]} 45. Be2
{[%clk 0:17:21]} Re5 {[%clk 0:29:41]} 46. Rd8 {[%clk 0:14:08]} Bc3
{[%clk 0:29:34]} 47. Bd1 {[%clk 0:13:59]} Re4 {[%clk 0:28:51]} 48. h5
{[%clk 0:14:18]} gxh5 {[%clk 0:29:19]} 49. Bxh5 {[%clk 0:14:42]} Re1
{[%clk 0:29:45]} 50. Bd1 {[%clk 0:15:06]} Kg6 {[%clk 0:29:50]} 51. Rd5
{[%clk 0:14:45]} Re5 {[%clk 0:28:36]} 52. Rd7 {[%clk 0:13:56]} Rxg5
{[%clk 0:28:44]} 53. Be2 {[%clk 0:14:20]} Rg1 {[%clk 0:29:01]} 54. Rd6+
{[%clk 0:14:17]} f6 {[%clk 0:28:33]} 55. Bd1 {[%clk 0:14:17]} h5 {[%clk 0:28:33]}
56. Rd8 {[%clk 0:14:43]} Kf5 {[%clk 0:28:17]} 57. Rd5+ {[%clk 0:14:42]} Ke4
{[%clk 0:27:29]} 58. Rd3 {[%clk 0:11:38]} h4 {[%clk 0:27:42]} 59. Bf3+
{[%clk 0:11:59]} Kf4 {[%clk 0:28:04]} 60. Bd1 {[%clk 0:12:21]} h3
{[%clk 0:28:15]} 61. Rf3+ {[%clk 0:11:50]} Kg5 {[%clk 0:28:21]} 62. Rxh3
{[%clk 0:08:54]} Rxd1 {[%clk 0:28:40]} 63. Rg3+ {[%clk 0:09:20]} Kf4
{[%clk 0:28:39]} 64. Rf3+ {[%clk 0:09:32]} Ke4 {[%clk 0:28:16]} 65. Rf4+
{[%clk 0:09:19]} Kd5 {[%clk 0:28:38]} 66. Rf5+ {[%clk 0:09:40]} Kc6
{[%clk 0:28:28]} 67. Rc5+ {[%clk 0:09:50]} Kd6 {[%clk 0:27:53]} 68. Rc6+
{[%clk 0:10:11]} Ke5 {[%clk 0:27:43]} 69. Re6+ {[%clk 0:09:20]} Kd5
{[%clk 0:20:32]} 70. Rd6+ {[%clk 0:09:43]} Ke4 {[%clk 0:20:50]} 71. Rxd1
{[%clk 0:10:06]} f5 {[%clk 0:21:16]} 72. Rd8 {[%clk 0:10:08]} f4 {[%clk 0:21:32]}
73. Re8+ {[%clk 0:10:33]} Kd4 {[%clk 0:21:52]} 74. Rd8+ {[%clk 0:09:10]} Ke3
{[%clk 0:22:18]} 75. Rd3+ {[%clk 0:09:23]} Ke2 {[%clk 0:22:36]} 76. Rd8
{[%clk 0:08:15]} f3 {[%clk 0:23:01]} 77. Re8+ {[%clk 0:08:44]} Kf1
{[%clk 0:23:15]} 78. Rf8 {[%clk 0:08:47]} f2 {[%clk 0:23:40]} 79. Re8
{[%clk 0:09:10]} Kg2 {[%clk 0:23:13]} 80. Rg8+ {[%clk 0:09:31]} Kf3
{[%clk 0:23:39]} 81. Rf8+ {[%clk 0:09:56]} Ke2 {[%clk 0:24:02]} 82. Re8+
{[%clk 0:10:19]} Kd1 {[%clk 0:24:29]} 83. Rf8 {[%clk 0:10:42]} Bd4
{[%clk 0:23:07]} 84. Rd8 {[%clk 0:08:37]} f1=Q {[%clk 0:23:26]} 85. Rxd4+
{[%clk 0:09:02]} Ke2 {[%clk 0:23:51]} 86. Re4+ {[%clk 0:08:51]} Kf3
{[%clk 0:24:16]} 87. Rd4 {[%clk 0:08:08]} Qc1 {[%clk 0:24:19]} 88. Rd3+
{[%clk 0:07:59]} Ke2 {[%clk 0:24:42]} 89. Rd2+ {[%clk 0:08:15]} Kxd2
{[%clk 0:25:02]} 0-1

[Event "European Youth Chess Championship G14"]
[Site "Prague, Top Hotel Prague"]
[Date "2012.08.20"]
[Round "4.4"]
[White "Beinenson, Katsiaryna"]
[Black "Schnegg, Anna-Lena"]
[Result "1-0"]
[WhiteElo "1946"]
[BlackElo "2088"]
[PlyCount "0"]
[EventDate "2012.08.17"]

1. d4 {[%clk 1:30:57]} d5 {[%clk 1:30:48]} 2. Nf3 {[%clk 1:31:23]} Nf6
{[%clk 1:31:08]} 3. Bf4 {[%clk 1:31:49]} c5 {[%clk 1:31:17]} 4. e3
{[%clk 1:32:08]} Nc6 {[%clk 1:31:30]} 5. c3 {[%clk 1:30:37]} Qb6 {[%clk 1:31:20]}
6. Qb3 {[%clk 1:28:54]} c4 {[%clk 1:31:00]} 7. Qc2 {[%clk 1:27:48]} Bf5
{[%clk 1:30:19]} 8. Qc1 {[%clk 1:28:06]} e6 {[%clk 1:27:59]} 9. Be2
{[%clk 1:28:07]} Nh5 {[%clk 1:22:59]} 10. Bg3 {[%clk 1:27:02]} Nxg3
{[%clk 1:10:47]} 11. hxg3 {[%clk 1:27:18]} O-O-O {[%clk 1:07:09]} 12. Nbd2
{[%clk 1:25:34]} Bd6 {[%clk 1:01:39]} 13. b3 {[%clk 1:11:19]} cxb3
{[%clk 0:59:00]} 14. axb3 {[%clk 1:11:39]} Qc7 {[%clk 0:52:34]} 15. b4
{[%clk 1:01:04]} Kb8 {[%clk 0:45:41]} 16. Nb3 {[%clk 0:48:59]} e5
{[%clk 0:33:26]} 17. b5 {[%clk 0:39:18]} Ne7 {[%clk 0:29:50]} 18. dxe5
{[%clk 0:37:50]} Bxe5 {[%clk 0:27:39]} 19. Nxe5 {[%clk 0:36:10]} Qxe5
{[%clk 0:27:57]} 20. Nd4 {[%clk 0:35:33]} Be4 {[%clk 0:25:58]} 21. Qa3
{[%clk 0:22:35]} Nc8 {[%clk 0:25:36]} 22. b6 {[%clk 0:18:23]} Qd6
{[%clk 0:13:23]} 23. bxa7+ {[%clk 0:17:21]} Ka8 {[%clk 0:13:46]} 24. Nb5
{[%clk 0:15:18]} Qxa3 {[%clk 0:11:48]} 25. Rxa3 {[%clk 0:15:42]} Rd7
{[%clk 0:11:44]} 26. O-O {[%clk 0:14:17]} b6 {[%clk 0:11:03]} 27. Rd1
{[%clk 0:13:54]} Rhd8 {[%clk 0:10:21]} 28. f3 {[%clk 0:13:14]} Bg6
{[%clk 0:10:18]} 29. Rxd5 {[%clk 0:12:30]} Nxa7 {[%clk 0:10:14]} 30. Rxa7+
{[%clk 0:12:38]} 1-0

[Event "European Youth Chess Championship G14"]
[Site "Prague, Top Hotel Prague"]
[Date "2012.08.20"]
[Round "4.5"]
[White "Haussernot, Cecile"]
[Black "Wozniak, Mariola"]
[Result "0-1"]
[WhiteElo "2074"]
[BlackElo "1966"]
[PlyCount "0"]
[EventDate "2012.08.17"]

1. e4 {[%clk 1:30:58]} e5 {[%clk 1:30:57]} 2. Nf3 {[%clk 1:31:23]} Nc6
{[%clk 1:31:23]} 3. Bb5 {[%clk 1:31:48]} a6 {[%clk 1:31:49]} 4. Ba4
{[%clk 1:32:14]} Nf6 {[%clk 1:32:09]} 5. O-O {[%clk 1:32:36]} Be7
{[%clk 1:32:32]} 6. c3 {[%clk 1:32:54]} Nxe4 {[%clk 1:30:29]} 7. Bxc6
{[%clk 1:31:51]} dxc6 {[%clk 1:29:15]} 8. Re1 {[%clk 1:29:11]} Bf5
{[%clk 1:10:09]} 9. Nxe5 {[%clk 1:28:13]} Qd5 {[%clk 0:45:59]} 10. d4
{[%clk 1:27:55]} Rd8 {[%clk 0:35:43]} 11. Qf3 {[%clk 1:26:38]} Nd6
{[%clk 0:35:29]} 12. Qf4 {[%clk 1:21:01]} Be6 {[%clk 0:29:54]} 13. b3
{[%clk 1:19:08]} Nf5 {[%clk 0:29:08]} 14. Bb2 {[%clk 1:17:41]} Nh4
{[%clk 0:19:24]} 15. Qg3 {[%clk 1:13:39]} Nf5 {[%clk 0:16:34]} 16. Qd3
{[%clk 1:10:04]} Nh4 {[%clk 0:16:18]} 17. f3 {[%clk 1:09:38]} Ng6
{[%clk 0:16:01]} 18. Qc2 {[%clk 1:08:01]} Nxe5 {[%clk 0:13:32]} 19. Rxe5
{[%clk 1:08:17]} Qd7 {[%clk 0:13:47]} 20. Nd2 {[%clk 1:07:38]} O-O
{[%clk 0:07:38]} 21. Rae1 {[%clk 1:01:09]} b6 {[%clk 0:04:48]} 22. Nf1
{[%clk 0:44:33]} Rfe8 {[%clk 0:03:03]} 23. f4 {[%clk 0:40:14]} g6
{[%clk 0:00:53]} 24. Ng3 {[%clk 0:39:28]} Bd6 {[%clk 0:01:07]} 25. f5
{[%clk 0:33:15]} Bxe5 {[%clk 0:01:30]} 26. Rxe5 {[%clk 0:28:19]} Bxf5
{[%clk 0:01:33]} 27. Nxf5 {[%clk 0:25:34]} Rxe5 {[%clk 0:01:51]} 28. Nh6+
{[%clk 0:25:34]} Kg7 {[%clk 0:02:01]} 29. dxe5 {[%clk 0:25:07]} Qd1+
{[%clk 0:02:28]} 30. Qxd1 {[%clk 0:25:21]} Rxd1+ {[%clk 0:02:56]} 31. Kf2
{[%clk 0:25:46]} Rd2+ {[%clk 0:03:20]} 32. Kf3 {[%clk 0:25:55]} Rxb2
{[%clk 0:03:47]} 33. Ng4 {[%clk 0:26:16]} Rxa2 {[%clk 0:04:06]} 34. Ne3
{[%clk 0:26:21]} Ra3 {[%clk 0:04:27]} 35. Ke4 {[%clk 0:26:35]} Rxb3
{[%clk 0:04:49]} 36. Kd3 {[%clk 0:26:49]} Rb2 {[%clk 0:04:57]} 37. Nc2
{[%clk 0:27:10]} Rxc2 {[%clk 0:05:09]} 38. Kxc2 {[%clk 0:27:33]} Kf8 0-1

[Event "European Youth Chess Championship G14"]
[Site "Prague, Top Hotel Prague"]
[Date "2012.08.20"]
[Round "4.6"]
[White "Gazikova, Veronika"]
[Black "Menzi, Nezihe Ezgi"]
[Result "0-1"]
[WhiteElo "2033"]
[BlackElo "1876"]
[PlyCount "0"]
[EventDate "2012.08.17"]

1. e4 {[%clk 1:30:58]} e5 {[%clk 1:30:57]} 2. Nc3 {[%clk 1:31:20]} Nf6
{[%clk 1:31:22]} 3. f4 {[%clk 1:31:43]} d5 {[%clk 1:31:48]} 4. fxe5
{[%clk 1:32:05]} Nxe4 {[%clk 1:32:13]} 5. Nf3 {[%clk 1:32:25]} Be7
{[%clk 1:32:39]} 6. Qe2 {[%clk 1:32:46]} Nxc3 {[%clk 1:33:03]} 7. bxc3
{[%clk 1:32:54]} c5 {[%clk 1:32:48]} 8. d4 {[%clk 1:32:29]} Nc6 {[%clk 1:32:28]}
9. Qf2 {[%clk 1:29:19]} O-O {[%clk 1:27:10]} 10. Be2 {[%clk 1:24:25]} f6
{[%clk 1:17:40]} 11. exf6 {[%clk 1:11:43]} Bxf6 {[%clk 1:17:04]} 12. Be3
{[%clk 1:11:52]} Qe7 {[%clk 1:08:50]} 13. h3 {[%clk 0:54:07]} cxd4
{[%clk 0:43:50]} 14. cxd4 {[%clk 0:48:35]} Re8 {[%clk 0:42:48]} 15. Kd2
{[%clk 0:47:15]} Qb4+ {[%clk 0:42:50]} 16. Kc1 {[%clk 0:45:13]} Qc3
{[%clk 0:41:35]} 0-1

[Event "European Youth Chess Championship G14"]
[Site "Prague, Top Hotel Prague"]
[Date "2012.08.20"]
[Round "4.7"]
[White "Dmochowska, Agnieszka"]
[Black "Paramzina, Anastasya"]
[Result "0-1"]
[WhiteElo "1770"]
[BlackElo "2021"]
[PlyCount "0"]
[EventDate "2012.08.17"]

1. e4 {[%clk 1:31:22]} c5 {[%clk 1:31:22]} 2. c3 {[%clk 1:31:48]} Nf6
{[%clk 1:31:46]} 3. e5 {[%clk 1:32:13]} Nd5 {[%clk 1:32:09]} 4. d4
{[%clk 1:32:36]} cxd4 {[%clk 1:32:31]} 5. Nf3 {[%clk 1:33:01]} Nc6
{[%clk 1:32:54]} 6. cxd4 {[%clk 1:33:12]} d6 {[%clk 1:33:19]} 7. Bc4
{[%clk 1:33:27]} Nb6 {[%clk 1:33:39]} 8. Bb5 {[%clk 1:33:47]} Bd7
{[%clk 1:34:01]} 9. exd6 {[%clk 1:33:59]} e6 {[%clk 1:34:14]} 10. O-O
{[%clk 1:33:58]} Bxd6 {[%clk 1:34:36]} 11. Nc3 {[%clk 1:34:09]} O-O
{[%clk 1:34:56]} 12. Re1 {[%clk 1:34:13]} a6 {[%clk 1:31:25]} 13. Bd3
{[%clk 1:34:18]} Nb4 {[%clk 1:31:42]} 14. Bb1 {[%clk 1:32:53]} Rc8
{[%clk 1:31:16]} 15. Ng5 {[%clk 1:22:32]} h6 {[%clk 1:26:29]} 16. Qh5
{[%clk 1:17:10]} Qe7 {[%clk 1:05:57]} 17. Nh7 {[%clk 1:05:28]} Rfd8
{[%clk 1:03:53]} 18. Ne4 {[%clk 1:04:30]} Rxc1 {[%clk 0:45:28]} 19. Rxc1
{[%clk 0:48:46]} Bf4 {[%clk 0:45:48]} 20. Nhf6+ {[%clk 0:36:23]} Kh8
{[%clk 0:39:55]} 21. Rc3 {[%clk 0:35:06]} gxf6 {[%clk 0:37:02]} 22. g3
{[%clk 0:31:51]} Rg8 {[%clk 0:36:42]} 23. Kh1 {[%clk 0:20:44]} Rg6
{[%clk 0:35:50]} 24. gxf4 {[%clk 0:19:49]} f5 {[%clk 0:35:43]} 25. Ng3
{[%clk 0:08:42]} Bc6+ {[%clk 0:32:33]} 26. Kg1 {[%clk 0:07:40]} N6d5
{[%clk 0:31:33]} 27. Qe2 {[%clk 0:05:13]} Nxc3 {[%clk 0:30:53]} 28. bxc3
{[%clk 0:05:40]} Nd5 {[%clk 0:31:18]} 29. c4 {[%clk 0:04:37]} Nxf4
{[%clk 0:18:40]} 30. Qe5+ {[%clk 0:04:44]} Qf6 {[%clk 0:19:05]} 31. Qxf4
{[%clk 0:04:40]} Rg4 {[%clk 0:19:24]} 32. Qb8+ {[%clk 0:03:22]} Rg8
{[%clk 0:19:26]} 33. Qe5 {[%clk 0:02:55]} Qxe5 {[%clk 0:19:46]} 34. dxe5
{[%clk 0:03:22]} f4 {[%clk 0:20:08]} 35. Bc2 {[%clk 0:02:43]} fxg3
{[%clk 0:20:29]} 36. hxg3 {[%clk 0:03:10]} Rg5 {[%clk 0:17:24]} 37. Re1
{[%clk 0:03:03]} Rh5 {[%clk 0:17:50]} 38. Be4 {[%clk 0:01:52]} Rxe5
{[%clk 0:18:09]} 39. f3 {[%clk 0:32:14]} f5 {[%clk 0:47:54]} 40. Bxc6
{[%clk 0:32:33]} Rxe1+ {[%clk 0:48:19]} 41. Kf2 {[%clk 0:32:55]} bxc6
{[%clk 0:40:22]} 42. Kxe1 {[%clk 0:30:59]} e5 {[%clk 0:40:25]} 43. Ke2
{[%clk 0:24:06]} Kg7 {[%clk 0:40:21]} 44. Ke3 {[%clk 0:24:09]} Kf6
{[%clk 0:40:42]} 45. a3 {[%clk 0:24:35]} Ke6 {[%clk 0:39:18]} 46. Kd3
{[%clk 0:24:47]} Kd6 {[%clk 0:38:54]} 47. Ke3 {[%clk 0:24:30]} Kc5
{[%clk 0:35:58]} 48. Kd3 {[%clk 0:24:44]} h5 {[%clk 0:35:44]} 49. Kc3
{[%clk 0:22:25]} e4 {[%clk 0:35:23]} 0-1

[Event "European Youth Chess Championship G14"]
[Site "Prague, Top Hotel Prague"]
[Date "2012.08.20"]
[Round "4.8"]
[White "Jinely, Tamar"]
[Black "Khomeriki, Nino"]
[Result "0-1"]
[WhiteElo "1789"]
[BlackElo "2030"]
[PlyCount "0"]
[EventDate "2012.08.17"]

1. e4 {[%clk 1:30:58]} c5 {[%clk 1:30:48]} 2. Nc3 {[%clk 1:31:18]} Nc6
{[%clk 1:30:58]} 3. Bb5 {[%clk 1:31:30]} Nd4 {[%clk 1:31:01]} 4. Bc4
{[%clk 1:31:43]} e6 {[%clk 1:30:34]} 5. Nge2 {[%clk 1:31:40]} Nf6
{[%clk 1:28:24]} 6. O-O {[%clk 1:30:24]} d5 {[%clk 1:21:02]} 7. exd5
{[%clk 1:28:00]} exd5 {[%clk 1:21:11]} 8. Nxd5 {[%clk 1:26:52]} Nxd5
{[%clk 1:14:30]} 9. Nxd4 {[%clk 1:27:02]} Be7 {[%clk 0:55:33]} 10. Qh5
{[%clk 1:16:42]} cxd4 {[%clk 0:53:32]} 11. Qxd5 {[%clk 1:11:34]} Qxd5
{[%clk 0:53:43]} 12. Bxd5 {[%clk 1:12:01]} d3 {[%clk 0:52:47]} 13. c3
{[%clk 1:01:15]} O-O {[%clk 0:52:05]} 14. f4 {[%clk 0:48:23]} Bg4
{[%clk 0:37:56]} 15. Bf3 {[%clk 0:39:44]} Bc5+ {[%clk 0:36:51]} 16. Kh1
{[%clk 0:39:52]} Bxf3 {[%clk 0:35:49]} 17. Rxf3 {[%clk 0:26:37]} Rfe8
{[%clk 0:35:58]} 18. Rf1 {[%clk 0:24:47]} Bd6 {[%clk 0:28:37]} 19. g3
{[%clk 0:22:50]} Re2 {[%clk 0:26:12]} 20. b4 {[%clk 0:21:08]} Rae8
{[%clk 0:25:22]} 21. Kg1 {[%clk 0:20:04]} Bc7 {[%clk 0:23:38]} 22. a4
{[%clk 0:16:07]} Bb6+ {[%clk 0:22:21]} 23. Kh1 {[%clk 0:16:22]} Bf2
{[%clk 0:16:20]} 24. a5 {[%clk 0:11:18]} Be1 {[%clk 0:16:15]} 25. Ra2
{[%clk 0:11:15]} R8e6 {[%clk 0:14:48]} 26. Rg1 {[%clk 0:09:28]} Bf2
{[%clk 0:09:09]} 27. Rf1 {[%clk 0:09:00]} Rh6 {[%clk 0:08:33]} 28. Kg2
{[%clk 0:06:13]} Be1+ {[%clk 0:08:01]} 29. Kf3 {[%clk 0:06:22]} Rhxh2
{[%clk 0:07:42]} 30. Rg1 {[%clk 0:05:33]} h5 {[%clk 0:07:10]} 31. Rf1
{[%clk 0:05:00]} Rhg2 {[%clk 0:07:08]} 32. f5 {[%clk 0:04:22]} Rxg3+
{[%clk 0:06:39]} 33. Kf4 {[%clk 0:04:36]} Rg4+ {[%clk 0:06:06]} 34. Kf3
{[%clk 0:04:49]} Ree4 {[%clk 0:05:16]} 35. Rh1 {[%clk 0:02:45]} Rgf4+
{[%clk 0:05:21]} 36. Kg2 {[%clk 0:02:41]} Re2+ {[%clk 0:05:17]} 37. Kg1
{[%clk 0:02:26]} Bf2+ {[%clk 0:05:25]} 0-1